Figurations of human subjectivity a contribution to second-order psychology

Bibliographic Details
Main Author: Bianchi, Gabriel, 1955- (Author)
Format: Book
Language:English
PhysicalDescription:xiii, 146 strán grafy, schémy, tabuľky 21 cm
Published: Cham Palgrave Macmillan [2022]
ISBN:9783031191916
9783031191893
Subjects:

MARC

LEADER 00000nam a2200000 4500
001 vtls012259913
003 SK-MaSNL
005 20260301152100.0
008 240708s2022 sz dl frn 001 0deng
015 |a SNBZSA2024/07 
020 |a 9783031191916  |q (brožované) 
020 |a 9783031191893  |q (eBook) 
040 |a SNK  |b slo  |c SNK  |e rda 
041 0 |a eng 
044 |a sz  |c CH 
072 7 |a 159.9  |x Psychológia  |2 konspekt 
072 7 |a 316.4/.7  |x Sociálne interakcie  |2 konspekt 
080 |a 159.923  |2 2011 
080 |a 159.964.2  |2 2011 
080 |a 316.6  |2 2011 
080 |a (048.8)  |2 2011 
080 |a 165  |2 2011 
080 |a 165.12  |2 2011 
100 1 |a Bianchi, Gabriel,  |d 1955-  |4 aut  |9 109676 
245 1 0 |a Figurations of human subjectivity  |b a contribution to second-order psychology  |c Gabriel Bianchi 
264 1 |a Cham  |b Palgrave Macmillan  |c [2022] 
264 4 |c ©2022 
300 |a xiii, 146 strán  |b grafy, schémy, tabuľky  |c 21 cm 
336 |a text  |b txt  |2 rdacontent 
337 |a bez média  |b n  |2 rdamedia 
338 |a zväzok  |b nc  |2 rdacarrier 
500 |a Obsahuje poznámky pod čiarou 
500 |a Obsahuje stručné profesijné údaje o autorke na zadnej strane publikácie 
500 |a Obsahuje zoznam obrázkov 
500 |a Obsahuje zoznam tabuliek 
504 |a Obsahuje bibliografiu na strane 125-142, bibliografické odkazy a register 
650 0 7 |a osobnosť  |2 SNKPH  |9 4341 
650 0 7 |a Personality  |2 SNKPHeng  |9 277289 
650 0 7 |a psychológia osobnosti  |2 SNKPH  |9 3576 
650 0 7 |a Psychology of personality  |2 SNKPHeng  |9 317296 
650 0 7 |a psychoanalýza  |2 SNKPH  |9 14021 
650 0 7 |a Psychoanalysis  |2 SNKPHeng  |9 313545 
650 0 7 |a sociálna psychológia  |2 SNKPH  |9 1007 
650 0 7 |a Social psychology  |2 SNKPHeng  |9 308216 
650 0 7 |a teória poznania  |2 SNKPH  |9 879 
650 0 7 |a Theory of knowledge  |2 SNKPHeng  |9 278096 
650 0 7 |a subjektivita  |2 SNKPH  |9 71844 
650 0 7 |a Subjectivity  |2 SNKPHeng  |9 436626 
655 7 |a štúdie  |2 SNKPH  |9 57033 
655 7 |a Studies  |2 SNKPHeng  |9 265573 
852 |a Slovenská národná knižnica 
919 |a 978-3-031-19188-6 
919 |a 978-3-031-19189-3 
954 |a odborná, vedecká literatúra pôvodná (slovenská)  |2 lita 
958 |a ZS 
958 |a NB 
999 |c 788331  |d 790261 
952 |a SNK  |b SNK  |y PREZ  |7 0  |p 17A1548509  |o snkSC 207236  |i snk2024/10632  |8 3  |g 56.65  |0 0  |1 0  |4 0  |d 2024-07-08  |l 0  |r 2025-10-30 00:00:00  |w 2026-02-24